Unwort des Jahres in Deutschland (2020-2024, mit Hinweis) - Statistiken

Allgemein
  • Dieses Quiz wurde 4 mal gespielt
  • Das Durchschnittsergebnis liegt bei 1 aus 5
Antwortstatistiken
Jahr Hinweis Unwort des Jahres % Korrekt
2023 Rechtsextremer Begriff für Abschiebungen Remigration
100%
2024 Wort, dass im öffentlichen und gesellschaftlichen Sprachgebrauch und insbesondere in den Sozialen Medien verstärkt verwendet worden, um Menschen vor dem Hintergrund vermeintlich biologischer Abstammungskriterien einzuteilen, zu bewerten und zu diskriminieren Biodeutsch
25%
2022 Politisches Schlagwort, um den zivilen Ungehorsam von Klimaaktivisten zu kritisieren Klimaterroristen
0%
2021 Abschiebung Pushback
0%
2020 Zynischer Begriff für einen neuen Mechanismus der Migrationspolitik der EU-Kommission.Begriff von Rechtsextremen für Massnahmen der Regierung während Corona Rückführungspatenschaften,Corona-Diktatur
0%
Keine übereinstimmenden Quizze gefunden
Verteilung der Resultate
Anzahl Personen mit jedem Resultat
Perzentil nach korrekt beantworteten Fragen
Ihre Resultats-Entwicklung
Sie haben dieses Quiz noch nicht gespielt